Missing Word: Saving Private Ryan Cast Quiz Stats

Quiz Updated Jul 23, 2015

Challenge
Share
Tweet
Embed
Score 0/20 Timer 04:00
0 Plays Today
Hint Answer % Correct
Tom HanksYou
99.2%
Matt DamonWill
99%
Vin DieselFurious
99%
Matt DamonTwelve
98.8%
Paul GiamattiApes
98.7%
Tom HanksGreen
98.1%
Tom HanksAway
97.9%
Matt DamonBourne
97.8%
Paul GiamattiYears
97.5%
Tom HanksSleepless
97.3%
Hint Answer % Correct
Paul GiamattiMarch
94%
Tom HanksHooch
91.3%
Vin DieselGalaxy
88.6%
Matt DamonBureau
73.2%
Vin DieselChronicles
69%
Vin DieselIron
65.3%
Vin DieselBlack
63.6%
Paul GiamattiWater
41.6%
Matt DamonZone
30.2%
Paul GiamattiVersion
10.5%

Today's Daily Dose

You're not logged in!

Compare scores with friends on all Sporcle quizzes.
Sign Up with Email
OR
Log In

You Might Also Like...

Show Comments

Extras

Top Quizzes Today


Score Distribution

Your Account Isn't Verified!

In order to create a playlist on Sporcle, you need to verify the email address you used during registration. Go to your Sporcle Settings to finish the process.